000 00310nam a22001337a 4500
008 171031b xxu||||| |||| 00| 0 eng d
020 _a9780030550133
041 _aeng
080 _22ND
_a33
100 _a59
101 _aBUS
245 _aAN INTRODUCTION TO OPTIONS & FUTURES
_cCHANCE,D,M
942 _2udc
_cBK
999 _c36888
_d36888